| 000 | 00810cab a2200265 4500 | ||
|---|---|---|---|
| 001 | ABS49881 | ||
| 008 | 090401t1994 xxu||||| |||| 00| 0 eng d | ||
| 035 | _a(Sirsi) u73168 | ||
| 041 | _aeng | ||
| 245 | _aAlternative land use | ||
| 260 | _c1994 | ||
| 350 | _a0 | ||
| 490 |
_aFarm Development Review _v8(3) January 1994 (8) |
||
| 520 | _aConcentrates on alternative energy issues, principally the options for bidding under the Fourth Renewables Order 1996. Warns against cable arrangements offered by Energis. | ||
| 650 | _aENERGIS | ||
| 650 | _aFIBRE OPTIC CABLES | ||
| 650 | _aINDOOR TENNIS COURTS | ||
| 650 | _aRENEWABLE ENERGY SOURCES | ||
| 650 | _aTELECOMMUNICATIONS | ||
| 650 | _aWAYLEAVES | ||
| 650 | _aWIND FARMING | ||
| 690 | _aRURAL PRACTICE | ||
| 942 | _n0 | ||
| 948 | _c04/03/1997 | ||
| 999 |
_c46274 _d46274 |
||